Los tres hermanos / (Registro nro. 9427)

Detalles MARC
000 -LIDER
fixed length control field 00784nam a22002771 4500
001 - NÚMERO DE CONTROL
Identificador de número de control 007527
003 - IDENTIFICACDOR DE NÚMERO DE CONTROL
control field DO-SdBNP
005 - DATE AND TIME OF LATEST TRANSACTION
control field 20230504112130.0
007 - CAMPOS FIJOS DE DESCRIPCIÓN FÍSICA
fixed length control field 007527
008 - ELEMENTOS DE LONGITUD FIJA
fixed length control field 920725s1975 sp spa
020 ## - ISBN
International Standard Book Number 8470805797
035 ## - NÚMERO LOCAL
System control number
040 ## - FUENTE DE CATALOGACIÓN
Agencia que crea de manera original el registro BPMSU
Idioma de catalogación spa
Agencia que realiza la transcripción BPMSU
080 #0 - NÚMERO DE CLASIFICACIÓN DECIMAL UNIVERSAL
Universal Decimal Classification number
082 #4 - NÚMERO DE CLASIFICACIÓN DECIMAL DE DEWEY
Classification number 843.78
Item number H895t 1975
Edition number 22
100 1# - ASIENTO PRINCIPAL -- NOMBRE PERSONAL
Nombre personal Hugo, Víctor
Fechas asociadas con el nombre 1802-1885
245 14 - MENCIÓN DE TITULO
Título Los tres hermanos /
Mención de responsabilidad Víctor Hugo. Ilustraciones de Pilarín Bayés
Medio (Designación general de material)
260 ## - PUBLICACIÓN, DISTRIBUCIÓN, ETC. (PIE DE IMPRENTA)
Lugar de publicación, distribución, etc Barcelona :
Nombre del editor, distribuidor, etc. La Gaya Ciencia,
Fecha de publicación, distribución, etc 1975
300 ## - DESCRIPCIÓN FÍSICA
Extensión 177 p. ;
Dimensiones 19 cm.
Otros detalles físicos
490 0# - MENCIÓN DE SERIES
Mención de serie Moby Dick;
-- Biblioteca de Bolsillo Junior
Volume/sequential designation 79
590 ## - NOTA LOCAL
Enlace Inventariado, 2023/VM
650 #4 - ENCABEZAMIENTO DE MATERIA--TEMÁTICO
Término temático o nombre geográfico como elemento de entrada Novela francesa
700 1# - ASIENTO SECUNDARIO -- NOMBRE PERSONAL
Nombre personal Bayés, Pilarín
Fechas asociadas con el nombre 1941-
910 ## - VALIDACIÓN
Validación VMateo V. Control de calidad (BPMSU)
942 ## - ADDED ENTRY ELEMENTS (KOHA)
Source of classification or shelving scheme Dewey Decimal Classification
Koha item type Libros
Existencias
Withdrawn status Lost status Source of classification or shelving scheme Damaged status Not for loan Collection code Home library Current library Date acquired Source of acquisition Full call number Barcode Date last seen Price effective from Koha item type
    Dewey Decimal Classification     Colección Juvenil General Biblioteca Pública Metropolitana Salomé Ureña Biblioteca Pública Metropolitana Salomé Ureña 03/30/2016 FUNDI BPMSU CG 843.78 H895t 1975 BPMSU16030311 03/30/2016 03/30/2016 Libros